000
00248nam a2200097Ia 4500
001
703941
005
20250826162401.0
008
250824s9999 xx 000 0 und d
245
0
_a
SAVAŞ VE BARIŞ
_c
BRİGİTTEN LABBE
260
_b
GÜNIŞIĞI YAYINLARI
999
_c
703941
_d
703941